[Event "ROM-ch U12 Girls"]
[Site "Calimanesti"]
[Date "2018.04.03"]
[Round "9"]
[White "Puiulet, Mihaela"]
[Black "Ciocan, Ariana Roxana"]
[Result "0-1"]
[WhiteElo "1205"]
[BlackElo "1339"]
[PlyCount "22"]
[EventDate "2018.03.27"]
[EventType "swiss"]
[EventRounds "9"]
[EventCountry "ROU"]
[SourceTitle "CBM 183 Extra"]
[Source "ChessBase"]
[SourceDate "2018.04.19"]
[SourceVersion "1"]
[SourceVersionDate "2018.04.19"]
[SourceQuality "1"]

1. d4 d5 2. g3 Nf6 3. Nf3 e6 4. Bg2 Be7 5. 0-0 0-0 6. Nbd2 b6 7. Ne5 Bb7 8. c4 Na6 9. a3 c5 10. Nb3 Ne4 11. Bf4 f6 0-1

[Event "ROM-ch U12 Girls"]
[Site "Calimanesti"]
[Date "2018.04.02"]
[Round "8"]
[White "Mihalea, Maria Ioana"]
[Black "Puiulet, Mihaela"]
[Result "1-0"]
[WhiteElo "1370"]
[BlackElo "1205"]
[PlyCount "93"]
[EventDate "2018.03.27"]
[EventType "swiss"]
[EventRounds "9"]
[EventCountry "ROU"]
[SourceTitle "CBM 183 Extra"]
[Source "ChessBase"]
[SourceDate "2018.04.19"]
[SourceVersion "1"]
[SourceVersionDate "2018.04.19"]
[SourceQuality "1"]

1. e4 e6 2. d4 d5 3. exd5 exd5 4. Nf3 Nf6 5. Bd3 Nbd7 6. 0-0 c5 7. Re1+ Be7 8. Bg5 0-0 9. Nc3 cxd4 10. Nxd4 Nc5 11. Bf5 Bxf5 12. Nxf5 Nce4 13. Nxe4 dxe4 14. Qxd8 Bxd8 15. Bxf6 Bxf6 16. Rxe4 Bxb2 17. Rb1 Rfe8 18. Rxe8+ Rxe8 19. Ne3 Bd4 20. Rxb7 h6 21. Kf1 Bxe3 22. fxe3 Rxe3 23. Rxa7 Rc3 24. a4 Rxc2 25. a5 Ra2 26. a6 f6 27. Ra8+ Kh7 28. a7 Kg6 29. Ke1 f5 30. Kf1 f4 31. Ke1 Rxg2 32. Rf8 Rxh2 33. a8Q Rh4 34. Qe8+ Kg5 35. Qe5+ Kg6 36. Rxf4 Rh1+ 37. Kf2 Rh5 38. Rg4+ Rg5 39. Qe4+ Kf6 40. Rf4+ Rf5 41. Qxf5+ Ke7 42. Re4+ Kd6 43. Qe5+ Kc6 44. Rd4 Kb6 45. Rc4 Ka6 46. Rb4 Ka7 47. Qa5# 1-0

[Event "ROM-ch U12 Girls"]
[Site "Calimanesti"]
[Date "2018.04.01"]
[Round "7"]
[White "Puiulet, Mihaela"]
[Black "Ghenu, Ilinca Maria"]
[Result "1-0"]
[WhiteElo "1205"]
[BlackElo "1043"]
[PlyCount "51"]
[EventDate "2018.03.27"]
[EventType "swiss"]
[EventRounds "9"]
[EventCountry "ROU"]
[SourceTitle "CBM 183 Extra"]
[Source "ChessBase"]
[SourceDate "2018.04.19"]
[SourceVersion "1"]
[SourceVersionDate "2018.04.19"]
[SourceQuality "1"]

1. Nf3 d5 2. g3 Nc6 3. Bg2 e5 4. d4 e4 5. Ne5 Nxe5 6. dxe5 f6 7. exf6 Nxf6 8. 0-0 Bc5 9. Nc3 Bf5 10. Bg5 c6 11. e3 h6 12. Bxf6 Qxf6 13. Na4 Bd6 14. f3 0-0-0 15. fxe4 dxe4 16. Qe2 Bg4 17. Qxg4+ Kb8 18. Rxf6 gxf6 19. Bxe4 Rhg8 20. Qf3 Be7 21. Qf4+ Ka8 22. Qxh6 Rh8 23. Qg7 Rde8 24. Bg6 Rhg8 25. Qf7 Rgf8 26. Qe6 1-0

[Event "ROM-ch U12 Girls"]
[Site "Calimanesti"]
[Date "2018.03.29"]
[Round "3"]
[White "Puiulet, Mihaela"]
[Black "Paulet, Elena Cristiana"]
[Result "1-0"]
[WhiteElo "1205"]
[BlackElo "1014"]
[PlyCount "24"]
[EventDate "2018.03.27"]
[EventType "swiss"]
[EventRounds "9"]
[EventCountry "ROU"]
[SourceTitle "CBM 183 Extra"]
[Source "ChessBase"]
[SourceDate "2018.04.19"]
[SourceVersion "1"]
[SourceVersionDate "2018.04.19"]
[SourceQuality "1"]

1. d4 d5 2. e4 e6 3. exd5 exd5 4. Nf3 Nc6 5. Bb5 Bd7 6. 0-0 Nf6 7. Bg5 Be7 8. Re1 0-0 9. Ne5 h6 10. Nxd7 Qxd7 11. Bxc6 bxc6 12. Bf4 Rfe8 1-0

[Event "ROM-ch U12 Girls"]
[Site "Calimanesti"]
[Date "2018.03.28"]
[Round "2"]
[White "Pana, Alexandra Emilia"]
[Black "Puiulet, Mihaela"]
[Result "1-0"]
[WhiteElo "1015"]
[BlackElo "1205"]
[PlyCount "32"]
[EventDate "2018.03.27"]
[EventType "swiss"]
[EventRounds "9"]
[EventCountry "ROU"]
[SourceTitle "CBM 183 Extra"]
[Source "ChessBase"]
[SourceDate "2018.04.19"]
[SourceVersion "1"]
[SourceVersionDate "2018.04.19"]
[SourceQuality "1"]

1. e4 e6 2. d4 d5 3. Nd2 dxe4 4. Nxe4 Bd7 5. Nf3 Bc6 6. Ng3 Nd7 7. Bf4 Ngf6 8. Bg5 Be7 9. Bxf6 Nxf6 10. Bd3 0-0 11. 0-0 a6 12. c3 Bb5 13. Bxb5 axb5 14. Qd3 b4 15. Qb5 bxc3 16. bxc3 Qd5 1-0

[Event "EU-ch U10 Girls 27th"]
[Site "Mamaia"]
[Date "2017.09.07"]
[Round "3"]
[White "Puiulet, Mihaela"]
[Black "Makhatadze, Khatia"]
[Result "0-1"]
[WhiteElo "1136"]
[BlackElo "1307"]
[PlyCount "130"]
[EventDate "2017.09.05"]
[EventType "swiss"]
[EventRounds "9"]
[EventCountry "ROU"]
[SourceTitle "CBM 180 Extra"]
[Source "ChessBase"]
[SourceDate "2017.10.06"]
[SourceVersion "1"]
[SourceVersionDate "2017.10.06"]
[SourceQuality "1"]

1. d4 e6 2. Nf3 d5 3. g3 Nf6 4. Bg2 c5 5. 0-0 Nc6 6. b3 cxd4 7. Nxd4 Bc5 8. Bb2 Bd7 9. Nf3 0-0 10. Nbd2 Rc8 11. c4 d4 12. Qb1 e5 13. Ne4 Bf5 14. Nxf6+ Qxf6 15. Qd1 e4 16. Nh4 Rfe8 17. e3 Rcd8 18. Qe2 Nb4 19. Rfd1 Nd3 20. Bxd4 Bxd4 21. exd4 Rxd4 22. Rxd3 Rxd3 23. Re1 e3 24. Qf3 exf2+ 25. Qxf2 Rxe1+ 26. Qxe1 Qd4+ 27. Qf2 Rd1+ 28. Bf1 Bh3 29. Ng2 Rxf1+ 30. Kxf1 Qd1+ 31. Qe1 Bxg2+ 32. Kf2 Qxe1+ 33. Kxe1 Be4 34. Kd2 Bb1 35. a3 Kf8 36. Kc3 Ke7 37. Kd4 Kd6 38. b4 b6 39. c5+ bxc5+ 40. bxc5+ Kc6 41. Kc4 a5 42. h4 Ba2+ 43. Kd4 f6 44. g4 Bd5 45. g5 fxg5 46. hxg5 h5 47. gxh6 gxh6 48. Ke3 Kxc5 49. Kf4 h5 50. Kg5 Bf3 51. Kf4 Bd1 52. Ke3 Kc4 53. Kd2 Bg4 54. a4 h4 55. Ke1 Kb4 56. Kf2 Kxa4 57. Kg2 Kb3 58. Kg1 a4 59. Kg2 a3 60. Kg1 a2 61. Kf2 a1Q 62. Kg2 Qd1 63. Kf2 Qe2+ 64. Kg1 Bh3 65. Kh1 Qg2# 0-1

[Event "ROM-ch U10 Girls"]
[Site "Baile Felix"]
[Date "2017.02.02"]
[Round "1"]
[White "Maria, Lia Alexandra"]
[Black "Puiulet, Mihaela"]
[Result "1-0"]
[WhiteElo "1387"]
[BlackElo "1068"]
[PlyCount "97"]
[EventDate "2017.02.02"]
[EventType "swiss"]
[EventRounds "9"]
[EventCountry "ROU"]
[SourceTitle "CBM 176 Extra"]
[Source "ChessBase"]
[SourceDate "2017.03.02"]
[SourceVersion "1"]
[SourceVersionDate "2017.03.02"]
[SourceQuality "1"]

1. e4 e6 2. d4 d5 3. e5 c5 4. c3 Nc6 5. Nf3 Qb6 6. Be2 g6 7. 0-0 Bg7 8. a3 Nge7 9. b4 cxd4 10. cxd4 0-0 11. Nc3 a5 12. b5 Na7 13. Bg5 Re8 14. Na4 Qc7 15. b6 Qd8 16. bxa7 Rxa7 17. Nc3 h6 18. Bd2 Qc7 19. Nb5 Qb6 20. Nxa7 Qxa7 21. Bb5 Rd8 22. Qc1 Qb6 23. Rb1 Qa7 24. Qc7 Rf8 25. Qxe7 Qb8 26. Qc5 Rd8 27. Bxa5 Rf8 28. Bc7 Qa8 29. Bd6 Rd8 30. Be7 Bd7 31. Bxd8 Qxd8 32. Bxd7 Qxd7 33. Qd6 Qe8 34. Rxb7 Bf8 35. Rb8 Bxd6 36. Rxe8+ Bf8 37. a4 f5 38. exf6 g5 39. a5 Kf7 40. Rc8 g4 41. Ne5+ Kxf6 42. Rxf8+ Kg5 43. Nf7+ Kf6 44. a6 Ke7 45. Rb8 Kxf7 46. a7 Kf6 47. a8Q h5 48. Rf8+ Ke7 49. Qd8# 1-0